2025–26 UEFA Champions League - Logos - Statistiken

Allgemein
  • Dieses Quiz wurde 89 mal gespielt
  • Das Durchschnittsergebnis liegt bei 23 aus 29
Antwortstatistiken
Bildquiz Antwort % Korrekt
Juventus
99%
Ajax
95%
Napoli
91%
Barcelona
87%
Bayer Leverkusen
86%
Bayern Munich
86%
Borussia Dortmund
86%
Real Madrid
86%
Arsenal
85%
Paris Saint-Germain
83%
Atlético Madrid
82%
Chelsea
82%
Inter Milan
82%
Liverpool
82%
Manchester City
82%
Atalanta
81%
Eintracht Frankfurt
81%
Tottenham Hotspur
81%
Marseille
79%
PSV Eindhoven
78%
Sporting CP
78%
Galatasaray
77%
Monaco
76%
OlympiaCos
72%
Newcastle United
71%
Athletic Bilbao
67%
Slavia Prague
59%
FC Villarreal
51%
Union Saint-Gilloise
41%
Keine übereinstimmenden Quizze gefunden
Verteilung der Resultate
Anzahl Personen mit jedem Resultat
Perzentil nach korrekt beantworteten Fragen
Ihre Resultats-Entwicklung
Sie haben dieses Quiz noch nicht gespielt